000 00656nam a22001937a 4500
999 _c191398
_d191398
005 20220825150138.0
010 _aENG-134682
020 _a9789352882687
_c300.00
035 _aEN-118214
037 _bDBAD/PUB
082 _a155.9042
245 _aWellbeing/
_cEdited by B. William Dharma Raja and g. Rexlin Jose
260 _aTamil Nadu
_bVoice Of Teachers
_c2017
270 _aNo. 15-257G, 3rd Cross Street, S S Nagar, Nagercoil Parvathipuram, Peruvilai Post, Kanyakumari District
_bTamil Nadu
300 _a160p.
_c29cm(pbk)
700 _aRaja, B. William Dharma
700 _aJose, G. Rexlin
942 _2ddc
_cEN
_h155.9042
_mWEL